Arithropod pests and natural enemies on cashew tree in cheung prey district,kompong cham province ប្រភេទសត្វល្អិតលើដំណាំស្វាយចន្ទី ក្នុងស្រុកជើងព្រៃ ខេត្តកំពង់ចាម (Record no. 1059)

000 -LEADER
fixed length control field 00646nam a22001577a 4500
003 - CONTROL NUMBER IDENTIFIER
control field OSt
005 - DATE AND TIME OF LATEST TRANSACTION
control field 20150922135713.0
008 - FIXED-LENGTH DATA ELEMENTS--GENERAL INFORMATION
fixed length control field 150922b xxu||||| |||| 00| 0 eng d
040 ## - CATALOGING SOURCE
Transcribing agency RUA
082 ## - DEWEY DECIMAL CLASSIFICATION NUMBER
Classification number AGR MEN 2009 B039 Or.1
100 ## - MAIN ENTRY--PERSONAL NAME
9 (RLIN) 1104
Personal name MENG, RITHEA
245 ## - TITLE STATEMENT
Title Arithropod pests and natural enemies on cashew tree in cheung prey district,kompong cham province ប្រភេទសត្វល្អិតលើដំណាំស្វាយចន្ទី ក្នុងស្រុកជើងព្រៃ ខេត្តកំពង់ចាម
260 ## - PUBLICATION, DISTRIBUTION, ETC. (IMPRINT)
Place of publication, distribution, etc. Phnom Penh
Name of publisher, distributor, etc. RUA
Date of publication, distribution, etc. 2009
300 ## - PHYSICAL DESCRIPTION
Extent xi, 57p
Other physical details ill
Dimensions 29cm
942 ## - ADDED ENTRY ELEMENTS (KOHA)
Source of classification or shelving scheme
Koha item type AGR
Holdings
Price effective from Date last seen Permanent Location Not for loan Date acquired Source of classification or shelving scheme Koha item type Lost status Withdrawn status Total Renewals Date last checked out Total Checkouts Shelving location Damaged status Barcode Current Location Full call number
2015-09-222016-07-22Library Block B 2015-09-22 AGR  12016-07-111B039 RUA000899Library Block BAGR MEN 2009 B039 Or.1
2015-09-222018-04-04Library Block B 2015-09-22 AGR   2018-03-234B039 RUA020333Library Block BAGR MEN 2009 B039 Or.2
2015-09-222019-07-08Library Block B 2015-09-22 AGR  12019-07-082B039 RUA000616Library Block BAGR MEN 2009 B039 Or.3
មជ្ឈមណ្ឌលឯការនៃសាកលវិទ្យាល័យភូមិន្ទកសិកម្មចំការដូង

Powered by Koha